Mondialisation économique et mondialisation politique depuis 1945 (notice n° 1603541)

détails MARC
000 -LEADER
fixed length control field 02213cam a2200169 4500500
005 - DATE AND TIME OF LATEST TRANSACTION
control field 20251228092702.0
041 ## - LANGUAGE CODE
Language code of text/sound track or separate title fre
042 ## - AUTHENTICATION CODE
Authentication code dc
100 10 - MAIN ENTRY--PERSONAL NAME
Personal name Moreau Defarges, Philippe
Relator term author
245 00 - TITLE STATEMENT
Title Mondialisation économique et mondialisation politique depuis 1945
260 ## - PUBLICATION, DISTRIBUTION, ETC.
Date of publication, distribution, etc. 2005.<br/>
500 ## - GENERAL NOTE
General note 90
520 ## - SUMMARY, ETC.
Summary, etc. Mondialisation économique et mondialisation politique depuis 1945La mondialisation, multiplication des interdépendances de toutes sortes, contraction sans fin de l’espace et du temps, est une dynamique technico-économique. En même temps, parallèlement, se manifestent des formes de mondialisation politique : ainsi le projet onusien. Alors, quels liens entre l’économique et le politique ? Comme l’illustre le dernier tiers du XXe siècle, les grandes poussées de mondialisation sont dues à des facteurs technico-économiques, mais ceux-ci sont difficilement dissociables de l’esprit général de l’époque. Ces facteurs technico-économiques peuvent contribuer à remodeler le politique. Mais celui-ci constitue un niveau spécifique, autonome. La mondialisation technico-économique n’est portée par aucune finalité. Elle est toujours à la merci de l’imprévisible.
520 ## - SUMMARY, ETC.
Summary, etc. Mondialisation économique et mondialisation politique depuis 1945Globalization means multiplied interdependences of any kind, hugely shrinking space and time. Globalisation is a technico-economic process. At the same time, forms of political globalization can develop : for instance, the United Nations scheme. Then what are the links between economics and politics ? As suggested by the last third of XXTH century, the big globalization thrusts stem from technico-economic factors, but those factors cannot be separated from the intellectual, spiritual climate of the moment. These factors may reshape politics. But politics remains a specific, an autonomous level. Globalization is not moved by any objective. At any time, it can be broken by the unforeseeable !
786 0# - DATA SOURCE ENTRY
Note Relations internationales | 124 | 4 | 2005-12-01 | p. 41-50 | 0335-2013
856 41 - ELECTRONIC LOCATION AND ACCESS
Uniform Resource Identifier <a href="https://shs.cairn.info/revue-relations-internationales-2005-4-page-41?lang=fr&redirect-ssocas=7080">https://shs.cairn.info/revue-relations-internationales-2005-4-page-41?lang=fr&redirect-ssocas=7080</a>

Pas d'exemplaire disponible.

PLUDOC

PLUDOC est la plateforme unique et centralisée de gestion des bibliothèques physiques et numériques de Guinée administré par le CEDUST. Elle est la plus grande base de données de ressources documentaires pour les Étudiants, Enseignants chercheurs et Chercheurs de Guinée.

Adresse

627 919 101/664 919 101

25 boulevard du commerce
Kaloum, Conakry, Guinée

Réseaux sociaux

Powered by Netsen Group @ 2025